К возможности газохроматографического определения органических растворителей в атмосферном воздухе; Методы исследования в химии и химической технологии

Detalhes bibliográficos
Parent link:Методы исследования в химии и химической технологии.— 1986.— С. 54-57
Autor principal: Сутягина Г. Н.
Outros Autores: Волкова Г. И.
Resumo:Деп. в ОНИИТЭХИМ, г. Черкассы,23.07.86, №907-ХП-86.
Idioma:russo
Publicado em: 1986
Assuntos:
Formato: MixedMaterials Capítulo de Livro
KOHA link:https://koha.lib.tpu.ru/cgi-bin/koha/opac-detail.pl?biblionumber=594227

MARC

LEADER 00000naa0a2200000 4500
001 594227
005 20250203154620.0
035 |a (RuTPU)RU\TPU\tpu\8647 
035 |a RU\TPU\tpu\8633 
090 |a 594227 
100 |a 20020521d1986 k y0rusy50 ca 
101 0 |a rus 
102 |a RU 
200 1 |a К возможности газохроматографического определения органических растворителей в атмосферном воздухе  |f Г. Н. Сутягина, Г. И. Волкова 
300 |a Деп. в ОНИИТЭХИМ, г. Черкассы,23.07.86, №907-ХП-86. 
463 |t Методы исследования в химии и химической технологии  |o материлы научно-практической конференции (Томск, 20-22 мая 1986)  |o секция "Процессы, машины и аппараты химических производств"  |v С. 54-57  |d 1986 
610 1 |a труды учёных ТПУ 
700 1 |a Сутягина  |b Г. Н.  |c кандидат технических наук  |c ХТФ  |f 1939-  |3 (RuTPU)RU\TPU\pers\3786 
701 1 |a Волкова  |b Г. И.  |c ХТФ  |f 1941-  |3 (RuTPU)RU\TPU\pers\3785 
801 2 |a RU  |b 63413507  |c 20100129  |g PSBO 
942 |c BK